Normal view
MARC view
Entry Personal Name
001 - CONTROL NUMBER
- control field: 52565
003 - CONTROL NUMBER IDENTIFIER
- control field: dpl
005 - DATE AND TIME OF LATEST TRANSACTION
- control field: 20120924115157.0
008 - FIXED-LENGTH DATA ELEMENTS
- fixed length control field: 120924|||a|||||| | ||| d
040 ## - CATALOGING SOURCE
- Original cataloging agency: dpl
- Transcribing agency: dpl
100 ## - HEADING--PERSONAL NAME
- Personal name: Arora, B.K.
670 ## - SOURCE DATA FOUND
- Source citation: Work cat.: (dpl): 52554, Supply Chain Management /, 2012
670 ## - SOURCE DATA FOUND
- Source citation: Work cat.: (dpl): 52554, Supply Chain Management /, 2012
